000 01703nam a2200205 a 4500
001 ASIN0871139715
005 20170105102924.0
008 131210s2008 xxu eng d
020 _a0871139715 (hardcover)
_c$35.00
020 _a9780871139719 (hardcover)
040 _a0
100 1 _aBurk, Kathleen.
245 1 0 _aOld world, new world :
_bgreat britain and america from the beginning /
_cKathleen Burk.
250 _aFirst ed.
260 _a[S.l.] :
_bAtlantic Monthly Press,
_c2008.
300 _a848 p. ;
_c24 cm.
520 _aOur close bond with Great Britain seems inevitable, given our shared language and heritage. But as distinguished historian Kathleen Burk shows in this groundbreaking history, recently published to acclaim in the United Kingdom, the close international relationship was forged only recently, preceded by several centuries of hostility and conflict that began soon after the first English colony was established on the newly discovered continent. Burk, a fourth-generation Californian and professor of history in London, draws on her unique knowledge of both countries to explore the totality of the relationship—the politics, economics, culture, and society—that both connected the two peoples and drove them apart. She tells the story from each side, beginning with the English exploration of the New World and taking us up to the present alliance in Iraq. At once sweeping in scope and intimate in detail, Old World, New World is a vivid, absorbing, and surprising story of one of the longest international love-hate relationships in modern histo
856 _3Amazon.com
_uhttp://www.amazon.com/exec/obidos/ASIN/0871139715/chopaconline
942 _2ddc
_cBK
999 _c15708
_d15708